Organización de actividades de educación física en la escuela. Licenciatura en educación física. Sexto semestre. Programa para la Transformación y el Fortalecimiento Académicos de las Escuelas Normales.

שמור ב:
מידע ביבליוגרפי
מחבר תאגידי: México. Secretaría de Educación Pública
פורמט: ספר
שפה:ספרדית
סדרה:(Programa y materiales de apoyo para el estudio)
נושאים:
גישה מקוונת:Ver documento en línea
תגים: הוספת תג
אין תגיות, היה/י הראשונ/ה לתייג את הרשומה!

MARC

LEADER 00000nam^a2200000^u^4500
001 000513402
005 20260512000000.0
008 100712s1000^^^^^^^^^^^^r^^^^^000^0^spa^d
009 20260512123513.821
035 |a FCE 000057613 
037 |a Acervo ITESO - Biblioteca 
041 |a spa 
095 |a 73 
110 |a México. Secretaría de Educación Pública 
245 1 0 |a Organización de actividades de educación física en la escuela. Licenciatura en educación física. Sexto semestre. Programa para la Transformación y el Fortalecimiento Académicos de las Escuelas Normales. 
264 |a México:  |b SEP,  |c 2005. 
300 |a 29 p. 
336 |a texto  |b txt  |2 rdacontenido 
337 |a sin mediación  |b n  |2 rdamedio 
338 |a volumen  |b nc  |2 rdasoporte 
440 1 |a (Programa y materiales de apoyo para el estudio) 
596 |a Archivo en formato PDF. 
596 |a Forma de Acceso: Internet vía la World Wide Web. 
596 |a Requerimientos del sistema. Internet connectivity, World Wide Web browser. 
649 |a XX 
650 |a Formación profesional 
650 |a Curso 
650 |a Educación normalista 
650 |a Educación física 
856 4 0 |u https://www.ieepo.gob.mx/pdf/seef22/1organizacion_EF.pdf  |y Ver documento en línea 
910 |a Fondo Centro de Estudios Educativos 
920 |a Impresos - Libros 
930 |a Fondos Especiales 
905 |a 133 
902 |a https://opac.biblio.iteso.mx/vufind/Record/000513402